000 01059nasaa2200325 a 4500
001 vtls000930726
003 NLI
005 20210627084321.0
008 110929c20009999enkb 000 0 eng
020 _a9781857434224
_cPND400.00
039 9 _y201109292010
_zEntertech_02
040 _aNLI
_beng
_cEntertech-2011
_eAACR2
041 0 _aeng
044 _aenk
082 0 4 _a943
245 0 0 _aCentral and South-Eastern Europe 2008 /
_cedited by Dominic Heaney
260 _aLondon :
_bRoutledge,
_cc2000-
300 _a-v. :
_bmaps ;
_c29 cm.
310 _aAnnual
362 _a2008-
440 0 _aEurope regional surveys of the world
_9856378
651 0 _aBalkan Peninsula
_xEconomic conditions
_xPeriodicals
_9857902
651 0 _aEurope, Central
_xEconomic conditions
_xPeriodicals
_9857903
651 0 _aEurope, Eastern
_xPolitics and government
_xPeriodicals
_9857904
700 1 _aHeaney, Dominic,
_4edt
_9857905
887 _a
901 _a71577 :
_b12.02.2008
902 _aR.R. 943 Ce 333 (2008)
999 _aVIRTUA
_c741237
_d741237
942 _2ddc
_cBKS